00422 a2200133 4500001001000000005001700010008004100027245006200068100002000130700001900150700002600169773007600195999001700271ART_1380420260410161911.0260409a 10aA test of the equilibrium hypothesis based on inventories1 aGreen, Jerry R.1 aDucos, Georges1 aLaffont, Jean-Jacques0 tEuropean economic reviewg- Vol. 18, NÂș 1/2 (may./jun. 1982)wREV13346 c26820d26820